LDR 01128naa#a2200193#i#450# 001 RU\\bibl\126818 005 20260701102944.3 011 ## _a1815-588X 100 ## _a20260630b2026####ek#y0rusy0150####ca 102 ## _aRU 200 1# _aСпособ уменьшения тормозного пути вагона электропоезда путем усовершенствования конструкции клещевого механизма тормозного устройства _eЖурнальная статья 210 1# _aСанкт-Петербург _cФГБОУ ВО "Петербургский государственный университет путей сообщения Императора Александра I" _d2026 215 ## _a10 с. 608 ## _aЖурнальная статья _2local 675 ## _a(Детали средств транспорта, кроме двигателей). 629.1.01 _z 700 #1 _aКоржов _gСергей Николаевич 700 #1 _aЯицков _gИван Анатольевич 700 #1 _aПоляков _gПавел Александрович 856 4# _aitt-pgups.ru _u